03335 a2200205 45000010006000000050017000060080041000230030015000640400040000790800038001192450057001570200022002142640030002363000037002665052683003030410008029861000020029947000020030148560095030344059220260407155701.0260407a1988 arg spa dAR-UNSa-BCEJYS aAR-UNSa-BCEJYSbspacAR-UNSa-BCEJYS a1(09)xHistoria de la Filosofía10aHistoria del pensamiento filosófico y científico a978-84-254-1587-6 1aBarcelona :bHerderc1988 a3 v. (618; 822; 1015 p.)c24 cm. aVol I. ANTIGÜEDAD Y EDAD MEDIA: 1. Los orígenes griegos del pensamiento occidental - 2. La aparición del pensamiento filosófico - 3. El descubrimiento del hombre: Los sofistas, Sócrates y los socráticos, y la medicina hipocrática - 4. Platón y el horizonte de la metafísica - 5. Aristóteles y la primera sistematización occidental del saber - 6. Las escuelas filosóficas de la época helenística: Cinismo, epicureísmo, estoicismo, escepticismo, eclecticismo y el gran florecimiento de las ciencias particulares - 7. La evolución final de la filosofía antigua: Las escuelas de la época imperial, Plotino y el neoplatonismo, y los últimos avances de la ciencia antigua - 8. La revolución espiritual del mensaje bíblico - 9. La patrística: La elaboración del mensaje bíblico y el filosofar desde la fe - 10. Génesis, desarrollo y declive de la escolástica: Razón y fe en la Edad Media. -- Vol II. DEL HUMANISMO A KANT: 1. El humanismo y el Renacimiento - 2. Las cumbres y los resultados finales del pensamiento renacentista - 3. La revolución científica - 4. Bacon y Descartes: La evolución social y teórica del pensamiento filosófico ante la revolución científica - 5. Las grandes construcciones metafísicas del racionalismo: El ocasionalismo, Spinoza y Leibniz - 6. La evolución del empirismo - 7. Pascal y Vico, dos pensadores atípicos de la época moderna - 8. La razón en la cultura ilustrada - 9. La evolución de la razón ilustrada en Francia, Inglaterra, Alemania e Italia - 10. Kant y la fundación de la filosofía trascendental -- Vol III. DEL ROMANTICISMO HASTA HOY: 1. El movimiento romántico y la formación del Idealismo - 2. El Idealismo absoluto de Hegel - 3. Del hegelianismo al marxismo: Derecha e izquierda hegeliana. Nacimiento y desarrollo del marxismo - 4. Los grandes impugnadores del sistema hegeliano: Herbart, Trendelenburg, Schopenhauer, Kierkegaard - 5. La filosofía en Francia durante la restauración y la filosofía italiana en la época del "risorgimiento" - 6. El positivismo - 7. El desarrollo de las ciencias en el siglo XIX, el empiriocriticismo y el convencionalismo - 8. La filosofía desde el siglo XIX al siglo XX - 9. Fenomenología, existencialismo, hermenéutica - 10. Beltrand Russell, Ludwig Wittgenstein y la filosofía del lenguaje - 11. Espiritualismo, personalismo, nuevas teologías y neoescolástica - 12. El marxismo después de Marx y la escuela de Francfort - 13. Las ciencias humanas en el siglo XX. Freud y el psicoanálisis. El estructuralismo - 14. El desarrollo de la ciencia y las teorías epistemológicas en el siglo XX aspa1 aReale, Giovanni1 aAntiseri, Dario41uhttps://biblioeco.unsa.edu.ar/pmb/images/libros/L126189.jpgyImagen de portadaqimage/jpeg